THE LAW OF EVIDENCE

محفوظ في:
التفاصيل البيبلوغرافية
المؤلف الرئيسي: DENNIS, I. H.
التنسيق: كتاب
منشور في: London: Thomson Reuters, c2024.
الطبعة:8th ed
الموضوعات:
الوسوم: إضافة وسم
لا توجد وسوم, كن أول من يضع وسما على هذه التسجيلة!

MARC

LEADER 00000nam a22000007a 4500
005 20250519100918.0
020 |a 9780414119109 
040 |a MUL  |b Eng.  |e AACR 
082 |a 347.6 DEN 
100 |a DENNIS, I. H. 
245 |a THE LAW OF EVIDENCE  |c I. H. DENNIS 
250 |a 8th ed 
260 |a London:   |b Thomson Reuters,  |c c2024. 
300 |a  cii, 872 p. :  |c 23 cm 
504 |a Includes Index (p.855-872) 
546 |a Eng 
650 |a Evidence (Law) Wales 
650 |a Evidence (Law) Great Britain 
650 |a Matériel juridique 
942 |c BK 
999 |c 10895  |d 10895